01436nam a2200361Ia 4500001001200000003000800012006001900020007001500039008004100054020001800095020001500113040002100128035002100149050002400170082001200194245014900206260003000355300002400385490004900409504005100458533015200509650003800661650002300699650002400722650004400746655002900790700002600819700001900845710001700864830005000881856012600931999001701057ebr10419958CaPaEBRm u cr cn|||||||||090717s2009 enka sb 001 0 eng d z9781855756182 z1855756188 aCaPaEBRcCaPaEBR a(OCoLC)72924682514aHM1011b.R47 2009eb04a30222200aResearching beneath the surfaceh[electronic resource] :bpsycho-social research methods in practice /cedited by Simon Clarke and Paul Hoggett. aLondon :bKarnac,cc2009. axii, 274 p. :bill.1 aExplorations in psycho-social studies series aIncludes bibliographical references and index. aElectronic reproduction.bPalo Alto, Calif. :cebrary,d2011.nAvailable via World Wide Web.nAccess may be limited to ebrary affiliated libraries. 0aObject relations (Psychoanalysis) 0aSocial psychology. 0aClinical sociology. 0aSocial sciencesxResearchxMethodology. 7aElectronic books.2local1 aClarke, Simon,d1962-1 aHoggett, Paul.2 aebrary, Inc. 0aExplorations in psycho-social studies series.40uhttp://site.ebrary.com/lib/rucke/Doc?id=10419958zAn electronic book accessible through the World Wide Web; click to view c83239d83239